| 000 | 00659nam a2200229Ia 4500 | ||
|---|---|---|---|
| 999 |
_c41123 _d41123 |
||
| 001 | 7773 | ||
| 003 | GE_BSU | ||
| 005 | 20221114162853.0 | ||
| 008 | 181216s2010en xx |||||||||||||| ||eng|| | ||
| 020 | _a9780340950012x | ||
| 040 | _cGE_BSU | ||
| 041 | _aeng | ||
| 080 | _a811.111-8 H-33 | ||
| 100 |
_aHaspelmath,Martin _914765 |
||
| 245 |
_aUnderstanding Morphology / _cMartin Haspelmath. |
||
| 264 |
_aLondon : _bHodder Education, _c2010. |
||
| 300 |
_a336 p.: _bIll. _c24cm. |
||
| 653 | _aUnderstanding Morphology | ||
| 653 | _aმორფოლოგიის გაგება | ||
| 653 | _aინგლისური ენა | ||
| 942 |
_cBK _2udc |
||